| 000 | 01693nam0a2200337 i 4500 | ||
|---|---|---|---|
| 001 | RU\NLR\bibl\2052996 | ||
| 005 | 20241103103741.0 | ||
| 010 |
_a9785222210512 _92500 |
||
| 021 |
_aRU _b2013-47554 _93299 |
||
| 035 | _a(NLR Aleph) 002039983 | ||
| 090 |
_a4591351 _c4591351 |
||
| 100 | _a20130712d2013 u||y0rusy50 ca | ||
| 101 | 0 | _arus | |
| 102 | _aRU | ||
| 105 | _aa j|||001yy | ||
| 200 | 1 |
_aРынок труда _eучебное пособие _eдля студентов высших учебных заведений, обучающихся по специальности 080104 - "Экономика труда" и направлению 080100 - "Экономика" _e[соответствует Федеральному государственному образовательному стандарту (третьего поколения)] _fГ.Г. Вукович, И.В. Гелета |
|
| 210 |
_aРостов-на-Дону _cФеникс _d2013 |
||
| 215 |
_a238, [1] с. _cил. _d21 |
||
| 225 | 1 | _aСерия "Высшее образование" | |
| 320 | _aБиблиогр.: с. 233-237 и в подстроч. примеч. | ||
| 606 |
_aРынок труда _jУчебные издания для высших учебных заведений _91159473 _3RU\NLR\AUTH\66145753 |
||
| 686 | 1 | _aУ24(0)05я73 | |
| 686 | 1 | _aУ24(2)05я73 | |
| 700 | 1 |
_aВукович _bГ. Г. _gГалина Григорьевна _4070 |
|
| 701 | 1 |
_aГелета _bИ. В. _gИгорь Викторович _4070 |
|
| 801 | 0 |
_aRU _bNLR _c20130712 _gRCR |
|
| 801 | 1 |
_aRU _bNLR _c20130712 |
|
| 942 | _cBOOK | ||
| 980 | _aNBR | ||